000 00367nam a2200133Ia 4500
008 100328s9999 xx 000 0 und d
082 _b20554
100 _aवागळे सुमन ग.
245 _aरुचिवैभव
260 _bपाठक बा.ल.
630 _aरुचिवैभव
730 _aरुचिवैभव
942 _cBOOK
999 _c514667
_d514664